Pro-social attitudes towards ethno-religious out-groups during the Covid-19 pandemic: A survey experiment in five countries (Record no. 525592)

000 -LEADER
fixed length control field 01365nam a22001457a 4500
008 - FIXED-LENGTH DATA ELEMENTS--GENERAL INFORMATION
fixed length control field 240326b ||||| |||| 00| 0 eng d
100 ## - MAIN ENTRY--PERSONAL NAME
Personal name Carol, Sarah, et al
245 ## - TITLE STATEMENT
Title Pro-social attitudes towards ethno-religious out-groups during the Covid-19 pandemic: A survey experiment in five countries
260 ## - PUBLICATION, DISTRIBUTION, ETC. (IMPRINT)
Place of publication, distribution, etc International Sociology
300 ## - PHYSICAL DESCRIPTION
Extent 39(1), Jan, 2024: p.113-137
520 ## - SUMMARY, ETC.
Summary, etc To what extent were individuals willing to help others during the pandemic? This article examines pro-social attitudes among 7000 residents in England, Ireland, Germany, Serbia, and Sweden by showing a fictitious scenario of an older neighbour who needs his groceries to be picked up from a nearby supermarket. The online survey experiment follows a 3 × 2 × 2 factorial design varying the ethno-religious origin of neighbours signalled by the name (Alexander vs Mohammed), the length of their residence (<1 year, 10 years, entire life), and if groceries, or groceries and beer need to be collected. We find that those of minority origin and those who have spent less than a year in a country are disadvantaged. Overall, religiosity is associated with a lower willingness to help a neighbour. – Reproduced

https://journals.sagepub.com/doi/full/10.1177/02685809231214168
773 ## - HOST ITEM ENTRY
Main entry heading International Sociology
906 ## - LOCAL DATA ELEMENT F, LDF (RLIN)
Subject DIP PANDEMIC
942 ## - ADDED ENTRY ELEMENTS (KOHA)
Item type Articles
Holdings
Withdrawn status Lost status Source of classification or shelving scheme Damaged status Not for loan Permanent location Current location Date acquired Serial Enumeration / chronology Barcode Date last seen Koha item type
          Indian Institute of Public Administration Indian Institute of Public Administration 2024-03-26 39(1), Jan, 2024: p.113-137 AR131388 2024-03-26 Articles

Powered by Koha